| 000 | 01097cam a22002654a 4500 | ||
|---|---|---|---|
| 001 | 13575696 | ||
| 005 | 20230327103425.0 | ||
| 008 | 040428s2004 vauab b 001 0 eng | ||
| 010 | _a 2004009916 | ||
| 020 | _a1563476444 | ||
| 040 |
_aDLC _cDLC _dDLC |
||
| 042 | _apcc | ||
| 050 | 0 | 0 |
_aUG1242.D7 _bN48 2004 |
| 082 | 0 | 0 |
_a623.74 _222 _bNEW |
| 100 | 1 |
_aNewcome, Laurence R. _9111426 |
|
| 245 | 1 | 0 |
_aUnmanned aviation : _ba brief history of unmanned aerial vehicles / _cLaurence R. Newcome. |
| 260 |
_aReston, Va. : _bAmerican Institute of Aeronautics and Astronautics, Inc., _cc2004. |
||
| 300 |
_avii, 171 p. : _bill., maps ; _c23 cm. |
||
| 504 | _aIncludes bibliographical references (p. 159-160) and index. | ||
| 650 | 0 |
_aDrone aircraft _xHistory. _9111427 |
|
| 856 | 4 | 1 |
_3Table of contents _uhttp://www.loc.gov/catdir/toc/ecip0417/2004009916.html |
| 906 |
_a7 _bcbc _corignew _d1 _eecip _f20 _gy-gencatlg |
||
| 942 |
_2ddc _cBK |
||
| 999 |
_c594324 _d594324 |
||